Mystery Taylor Swift Song #90 - Statistics

General Stats
  • This quiz has been taken 265 times
  • The average score is 56 of 145
Answer Stats
Song % Correct
Red
92%
a
90%
I
90%
the
88%
you?
86%
you
86%
an
82%
we
82%
and
81%
me
79%
love
77%
on
77%
to
77%
be
76%
in
75%
your
75%
it
73%
my
72%
we're
72%
were
72%
When
71%
I'm
68%
Then
68%
this
68%
who
67%
back
65%
it's
64%
of
64%
say
63%
no
61%
what
61%
if
60%
Like
59%
moon
57%
was
57%
can
55%
see
52%
here
51%
"Why?"
51%
with
51%
one
50%
Ronan
50%
from
49%
time
49%
knew
48%
Come
47%
had
47%
mine
47%
up
47%
could
44%
just
44%
down
43%
our
43%
us
43%
Out
41%
baby
40%
last
40%
About
39%
away
39%
best
38%
gonna
38%
would
38%
remember
37%
still
37%
we'll
37%
little
34%
day
33%
fly
33%
hand
33%
into
33%
into?
33%
man
33%
moment
33%
some
33%
wanted
33%
eyes
32%
feel
32%
boy
31%
way
31%
four
30%
years
30%
won't
29%
face
28%
hold
28%
thought
28%
home
27%
knows
27%
died
26%
even
26%
feet
26%
anything
25%
blue
25%
hallway
25%
bare
24%
looking
24%
beautiful
23%
Halloween
23%
laugh
23%
own
22%
room
21%
talk
21%
through?
21%
trying
21%
drive
20%
standing
20%
before
19%
crying
19%
hospital
19%
screaming
19%
bed
18%
disappear
18%
ear
18%
getting
18%
miracle
18%
really
18%
secret
18%
whispered
18%
closet
17%
dancing
17%
floor
17%
guy
17%
grow
16%
hope
16%
kept
16%
kissed
16%
worst
16%
army
15%
club
15%
dinosaurs
15%
downs
15%
grey
15%
hard
15%
kitchen
15%
leaned
15%
turned
15%
wakin'
15%
blind
14%
Flowers
14%
jumpin'
14%
plastic
14%
cars
13%
fought
13%
pile
13%
curtained
12%
Race
11%
No matching quizzes found
Score Distribution
Percent of People with Each Score
Percentile by Number Answered
Your Score History
You have not taken this quiz